<?xml version="1.0" encoding="UTF-8"?>
<record
    xmlns:xsi="http://www.w3.org/2001/XMLSchema-instance"
    xsi:schemaLocation="http://www.loc.gov/MARC21/slim http://www.loc.gov/standards/marcxml/schema/MARC21slim.xsd"
    xmlns="http://www.loc.gov/MARC21/slim">

  <leader>01793    a2200217   4500</leader>
  <controlfield tag="001">38583</controlfield>
  <controlfield tag="005">20260407155648.0</controlfield>
  <controlfield tag="008">260407a1965    arg                 spa d</controlfield>
  <controlfield tag="003">AR-UNSa-BCEJYS</controlfield>
  <datafield tag="040" ind1=" " ind2=" ">
    <subfield code="a">AR-UNSa-BCEJYS</subfield>
    <subfield code="b">spa</subfield>
    <subfield code="c">AR-UNSa-BCEJYS</subfield>
  </datafield>
  <datafield tag="080" ind1=" " ind2=" ">
    <subfield code="a">658.8.012.12</subfield>
    <subfield code="x">Investigaci&#xF3;n de mercados</subfield>
  </datafield>
  <datafield tag="245" ind1="1" ind2="0">
    <subfield code="a">Comercializaci&#xF3;n y an&#xE1;lisis del mercado</subfield>
  </datafield>
  <datafield tag="250" ind1=" " ind2=" ">
    <subfield code="a">2a. ed.</subfield>
  </datafield>
  <datafield tag="264" ind1=" " ind2="1">
    <subfield code="a">Buenos Aires :</subfield>
    <subfield code="b">Selecci&#xF3;n Contable</subfield>
    <subfield code="c">1965</subfield>
  </datafield>
  <datafield tag="300" ind1=" " ind2=" ">
    <subfield code="a">xx, 524 p.</subfield>
    <subfield code="c">24 cm.</subfield>
  </datafield>
  <datafield tag="505" ind1=" " ind2=" ">
    <subfield code="a">1. Alcance e importancia del an&#xE1;lisis de mercado y distribuci&#xF3;n - 2. Organizaci&#xF3;n de la investigaci&#xF3;n de mercados y distribuci&#xF3;n - 3. Tipos de investigaci&#xF3;n de mercado - 4. El m&#xE9;todo cientifico - 5. M&#xE9;todos b&#xE1;sicos de investigaci&#xF3;n de mercados - 6. El procesamiento de la investigaci&#xF3;n de mercados - 7. El an&#xE1;lisis de la situaci&#xF3;n - 8. La investigaci&#xF3;n preliminar - 9. Planeando el proyecto de investigaci&#xF3;n formal - 10. Preparaci&#xF3;n de los formularios para la recolecci&#xF3;n de los datos - 11. Los principios del muestreo - 12. Planificaci&#xF3;n de la muestra para la investigaci&#xF3;n de mercado - 13. El plan final - 14. Recolecci&#xF3;n de los datos del mercado - 15. Tabulaci&#xF3;n y an&#xE1;lisis - 16. Interpretaci&#xF3;n - 17. Presentaci&#xF3;n de los resultados y prosecuci&#xF3;n - 18. Investigaciones de motivaciones - 19. Investigaciones de operaciones - 20. La t&#xE9;cnica de los jurados - 21. M&#xE9;todo de an&#xE1;lisis cuantitativo de mercados - 22. Investigaci&#xF3;n de la distribuci&#xF3;n - 23. Investigaci&#xF3;n e ventas - 24. Investigaci&#xF3;n publicitaria - 25. Investigaci&#xF3;n de productos - 26. An&#xE1;lisis de las tendencias del mercado - 27. Investigaci&#xF3;n de mercados industrial e institucional </subfield>
  </datafield>
  <datafield tag="942" ind1=" " ind2=" ">
    <subfield code="c">BK</subfield>
  </datafield>
  <datafield tag="590" ind1=" " ind2=" ">
    <subfield code="a">niveau_biblio:m niveau_hierar:0</subfield>
  </datafield>
  <datafield tag="100" ind1="1" ind2=" ">
    <subfield code="a">Brown, Lyndon O.</subfield>
  </datafield>
  <datafield tag="700" ind1="1" ind2=" ">
    <subfield code="a">Bravo, Guillermo</subfield>
  </datafield>
  <datafield tag="999" ind1=" " ind2=" ">
    <subfield code="c">2904</subfield>
    <subfield code="d">2904</subfield>
  </datafield>
  <datafield tag="952" ind1=" " ind2=" ">
    <subfield code="0">0</subfield>
    <subfield code="1">0</subfield>
    <subfield code="4">0</subfield>
    <subfield code="7">0</subfield>
    <subfield code="a">BCEJYS</subfield>
    <subfield code="b">BCEJYS</subfield>
    <subfield code="c">16</subfield>
    <subfield code="d">2026-04-07</subfield>
    <subfield code="l">0</subfield>
    <subfield code="o">658.8.012.12 B877</subfield>
    <subfield code="p">L21959</subfield>
    <subfield code="r">2026-04-07 15:56:48</subfield>
    <subfield code="w">2026-04-07</subfield>
    <subfield code="y">L</subfield>
  </datafield>
  <datafield tag="952" ind1=" " ind2=" ">
    <subfield code="0">0</subfield>
    <subfield code="1">0</subfield>
    <subfield code="4">0</subfield>
    <subfield code="7">0</subfield>
    <subfield code="a">BCEJYS</subfield>
    <subfield code="b">BCEJYS</subfield>
    <subfield code="c">16</subfield>
    <subfield code="d">2026-04-07</subfield>
    <subfield code="l">0</subfield>
    <subfield code="o">658.8.012.12 B877</subfield>
    <subfield code="p">L22400</subfield>
    <subfield code="r">2026-04-07 15:56:48</subfield>
    <subfield code="w">2026-04-07</subfield>
    <subfield code="y">L</subfield>
  </datafield>
</record>
